00518nam a22001697a 450000500170000001000170001702000260003403500170006003700210007708200140009810000160011224500840012826000350021227000550024730000270030250000190032920140611113954.0 aB-504751-757 a9781846142970c799.00 aB-504751-757 adplbK.K.Pub/Ven a341.23092 aAnnan, Kofi aInterventions:ba life in war and peace/cby Kofi Annan with Nader Mousavizadeh aNew DelhibPenguin Groupc2012 a11 Community Centre,PanchsheelbNew Delhie110017 a383p.:bill.c23cm(Hb) aincludes index